[Event "Oviedo op 8th"]
[Site "Oviedo"]
[Date "2022.07.20"]
[Round "6"]
[White "Alvarez Gonzalez, Alvaro"]
[Black "Lopez Mena, Emilio"]
[Result "1/2-1/2"]
[WhiteElo "1864"]
[BlackElo "1623"]
[PlyCount "23"]
[EventDate "2022.07.17"]
[EventType "swiss"]
[EventRounds "9"]
[EventCountry "ESP"]
[SourceTitle "CBM 209 Extra"]
[Source "ChessBase"]
[SourceDate "2022.09.30"]
[SourceVersion "1"]
[SourceVersionDate "2022.09.30"]
[SourceQuality "1"]

1. e4 d6 2. d4 Nf6 3. Nc3 Nbd7 4. Bc4 e5 5. Nf3 Be7 6. Bxf7+ Kxf7 7. Ng5+ Kg8 8. Ne6 Qe8 9. Nxc7 Qg6 10. g4 Rb8 11. Qe2 Nb6 12. Be3 1/2-1/2

[Event "Trevis San Miguel op 26th"]
[Site "Trevis"]
[Date "2020.09.20"]
[Round "3"]
[White "Lopez Mena, Emilio"]
[Black "Fernandez Coya, Jose Luis"]
[Result "1/2-1/2"]
[WhiteElo "1574"]
[BlackElo "1598"]
[PlyCount "39"]
[EventDate "2020.09.19"]
[EventType "swiss"]
[EventRounds "3"]
[EventCountry "ESP"]
[SourceTitle "EXT 2024"]
[Source "ChessBase"]
[SourceDate "2023.10.10"]
[SourceVersion "1"]
[SourceVersionDate "2023.10.10"]
[SourceQuality "1"]

1. d4 Nf6 2. c4 e6 3. Nf3 b6 4. g3 Bb7 5. Bg2 Be7 6. 0-0 d5 7. cxd5 Bxd5 8. Nc3 Bb7 9. Bg5 Nbd7 10. e3 Rc8 11. Rc1 a6 12. Re1 Ne4 13. Bxe7 Qxe7 14. Nxe4 Bxe4 15. Qd2 0-0 16. Nh4 Bxg2 17. Nxg2 Rfd8 18. Qe2 a5 19. Red1 h6 20. Rd3 1/2-1/2